00694nam a2200169Ia 4500008005200000020001500052082001500067100001800082245005000100260003600150300001700186440002000203504024300223650001700466650002100483650002000504200103s 1993 ||||xx |||||||||||||| ||und|| a1856090477 a368.2bFOR aFord, Michael 0aMarine insurance fraud in international trade bWitherby & Co Ltdc1993aLondon axxxv, 281 p. aMonument series aContents Identifying fraud The climate for fraud Criminal fraud Civil fraud Brokers Assured-fraudulent claims Scuttling ('wilful casting away') Theft, deviation and barratry Jurisdiction in marine fraud Arbitrating marine fraud disputes  aMaritime law aMarine insurance aInsurance fraud